000 00391nam a22001937a 4500
003 UA-OsUOA
001 2044
007 ta
008 20050721b un ||||| |||| 00| 0 ukr d
100 _aHayes
700 _aB.
700 _aHoffer
700 _aW.
942 _cBK
040 _aUA-OsUOA
_cUA-OsUOA
_dUA-OsUOA
245 _aMidnight express.
_bLiterature
955 _a2
650 7 _2UDC
999 _c288206
_d288206